Geography Quiz

Random Geography or World Quiz

Around the World Once Quiz Stats

 Plays Quiz not verified by Sporcle

Challenge
Share
Tweet
Embed
Score 0/128 Timer 15:00
0 Plays Today
Country % Correct
Canada
100%
United States of America
97.7%
Mexico
97.2%
Belize
86.4%
Guatemala
84.7%
El Salvador
81.9%
Honduras
80.8%
Nicaragua
80.8%
Panama
80.8%
Costa Rica
80.2%
Colombia
79.7%
Ecuador
78.5%
Peru
77.4%
Chile
76.8%
Argentina
74%
Bolivia
73.4%
Paraguay
73.4%
Brazil
73.4%
Uruguay
72.9%
Suriname
69.5%
Venezuela
68.9%
Guyana
68.9%
France (via French Guiana)
65%
Luxembourg
55.4%
Belgium
55.4%
Netherlands
55.4%
Germany
55.4%
Poland
55.4%
Slovakia
53.1%
Austria
52.5%
Czech Republic
52%
Switzerland
52%
Italy
52%
Liechtenstein
52%
Slovenia
50.3%
Croatia
50.3%
Bosnia and Herzegovina
49.7%
Serbia
49.7%
Montenegro
49.7%
Kosovo
49.7%
Albania
49.7%
Greece
49.7%
Bulgaria
49.7%
Country % Correct
Romania
49.7%
Ukraine
49.7%
Belarus
49.7%
Lithuania
49.7%
Latvia
49.7%
Estonia
49.7%
Russia
49.7%
Mongolia
49.7%
Moldova
49.2%
China
49.2%
Macedonia
48.6%
Vietnam
48%
Laos
48%
Cambodia
48%
Thailand
48%
Myanmar
48%
India
47.5%
Pakistan
47.5%
Afghanistan
47.5%
Tajikistan
47.5%
Kyrgyzstan
47.5%
Kazakhstan
46.9%
Uzbekistan
46.9%
Iran
46.9%
Iraq
46.9%
Turkmenistan
46.3%
Armenia
46.3%
Georgia
46.3%
Turkey
46.3%
Kuwait
46.3%
Saudi Arabia
46.3%
Jordan
46.3%
Lebanon
46.3%
Israel
46.3%
Egypt
46.3%
Libya
46.3%
Tunisia
46.3%
Algeria
46.3%
Bangladesh
46.3%
Azerbaijan
45.8%
Syria
45.8%
Niger
44.6%
Chad
42.9%
Country % Correct
Sudan
41.8%
Eritrea
41.2%
Djibouti
41.2%
Somalia
41.2%
Ethiopia
41.2%
Kenya
41.2%
Rwanda
41.2%
Uganda
40.7%
Tanzania
40.7%
Burundi
39.5%
Mozambique
39.5%
Swaziland
39%
South Africa
39%
Zimbabwe
39%
Botswana
39%
Namibia
39%
Malawi
38.4%
Zambia
38.4%
Angola
38.4%
Democratic Republic of the Congo
38.4%
Central African Republic
36.2%
Republic of the Congo
34.5%
Cameroon
34.5%
Gabon
33.9%
Equatorial Guinea
33.9%
Nigeria
32.8%
Benin
32.8%
Senegal
32.8%
Togo
32.2%
Sierra Leone
32.2%
Burkina Faso
31.6%
Liberia
31.6%
Guinea
31.6%
Guinea-Bissau
31.6%
Mauritania
31.6%
Morocco (via claims in Western Sahara)
31.6%
Cote D'Ivoire
31.1%
Spain (via Ceuta)
31.1%
Ghana
30.5%
Mali
29.9%
United Kingdom (via Gibraltar)
26%
Ireland
26%

You're not logged in!

Compare scores with friends on all Sporcle quizzes.
OR
Log In

You Might Also Like...

Show Comments

Extras

Top Quizzes Today


Score Distribution

Your Account Isn't Verified!

In order to create a playlist on Sporcle, you need to verify the email address you used during registration. Go to your Sporcle Settings to finish the process.

Report this User

Report this user for behavior that violates our Community Guidelines.

Details: